[Event "Baden Open B (30th)"]
[Site "?"]
[Date "2002.04.27"]
[Round "3.8"]
[White "Vezmar, Milan"]
[Black "Reichspfarrer, Ernst"]
[Result "1/2-1/2"]
[WhiteElo "1810"]
[BlackElo "1527"]
[PlyCount "66"]
[EventDate "2002.??.??"]

1. e4 c5 2. Nf3 d6 3. h3 Nf6 4. Bd3 Nc6 5. b3 g6 6. Bb2 Bg7 7. Nc3 Be6 8. O-O
a6 9. Ne2 O-O 10. c4 Ne8 11. Bxg7 Nxg7 12. Ng5 Qd7 13. Kh2 f6 14. Nxe6 Qxe6 15.
f4 f5 16. Ng3 Nd4 17. exf5 Ngxf5 18. Bxf5 Nxf5 19. Nxf5 Qxf5 20. Qf3 Rab8 21.
Rae1 Rf7 22. d3 e5 23. Qd5 exf4 24. Qxd6 Rbf8 25. Re5 Qd7 26. Qxd7 Rxd7 27.
Rxc5 Rxd3 28. Rc7 Rd2 29. Rf3 g5 30. a4 Re8 31. Rxb7 Ree2 32. Kg1 Rd1+ 33. Kh2
Rdd2 1/2-1/2

[Event "Baden Open B (30th)"]
[Site "?"]
[Date "2002.04.27"]
[Round "3.9"]
[White "Baumfrisch, Robert"]
[Black "Goeslbauer, Harald"]
[Result "1/2-1/2"]
[WhiteElo "1626"]
[BlackElo "1806"]
[PlyCount "83"]
[EventDate "2002.??.??"]

1. e4 c6 2. Nc3 d5 3. exd5 cxd5 4. Nf3 Nf6 5. b3 Nc6 6. Bb2 Bg4 7. Be2 e6 8.
Nb5 Be7 9. h3 Bxf3 10. Bxf3 a6 11. Nd4 Rc8 12. O-O O-O 13. Nxc6 bxc6 14. Qe2 a5
15. Rfc1 Qb6 16. Qe5 Bc5 17. d4 Be7 18. c4 Qb7 19. c5 a4 20. Rc3 Ra8 21. Rb1
Rfb8 22. Bc1 Nd7 23. Qg3 Bf6 24. Be3 Qc8 25. b4 Rb7 26. a3 e5 27. Bg5 e4 28.
Bxf6 Nxf6 29. Bg4 Qe8 30. Qd6 Raa7 31. Qf4 Qe7 32. Be2 Ne8 33. Re3 Nc7 34. f3
Ne6 35. Qg4 Qg5 36. Qxg5 Nxg5 37. h4 Ne6 38. fxe4 Nxd4 39. exd5 cxd5 40. Bd3 g6
41. Rbe1 Kf8 42. Rb1 {Rest unklar; remis (60)} 1/2-1/2

[Event "Baden Open B (30th)"]
[Site "?"]
[Date "2002.04.27"]
[Round "3.10"]
[White "Binder, Karl"]
[Black "Achleitner, Johannes"]
[Result "1-0"]
[WhiteElo "1772"]
[BlackElo "1429"]
[PlyCount "55"]
[EventDate "2002.??.??"]

1. e4 e5 2. Nf3 Nc6 3. Bc4 g6 4. O-O Bg7 5. c3 d6 6. h3 a6 7. d4 exd4 8. cxd4
h5 9. Nc3 Bg4 10. Be3 Na5 11. Be2 Nc6 12. a3 b5 13. b4 Bh6 14. Bxh6 Rxh6 15.
Rc1 Na7 16. Qd2 c6 17. Qf4 Bxf3 18. Bxf3 Qf6 19. Qe3 g5 20. e5 dxe5 21. Qxe5+
Qxe5 22. dxe5 Ne7 23. Ne4 Ng6 24. Nxg5 Nxe5 25. Rfe1 f6 26. h4 O-O-O 27. Rxe5
fxe5 28. Nf7 1-0

[Event "Baden Open B (30th)"]
[Site "?"]
[Date "2002.04.27"]
[Round "3.11"]
[White "Smid, Guenther"]
[Black "Gruen, Thomas"]
[Result "0-1"]
[WhiteElo "1296"]
[BlackElo "1771"]
[PlyCount "54"]
[EventDate "2002.??.??"]

1. d4 Nf6 2. Nc3 e6 3. e4 Bb4 4. Bd2 Bxc3 5. Bxc3 Nxe4 6. Qf3 d5 7. Bb4 a6 8.
Bd3 Nc6 9. Bc3 Nf6 10. Ne2 O-O 11. O-O Re8 12. Qg3 Ne7 13. f4 Nf5 14. Qf2 Nd6
15. Ng3 b5 16. b3 Nf5 17. Rae1 Nd6 18. f5 exf5 19. Rxe8+ Qxe8 20. Nxf5 Bxf5 21.
Re1 Be4 22. Qg3 Qd7 23. Bxe4 Nfxe4 24. Qf3 Qc6 25. Re3 Re8 26. Qe2 Nxc3 27.
Rxe8+ Qxe8 0-1

[Event "Baden Open B (30th)"]
[Site "?"]
[Date "2002.04.27"]
[Round "3.13"]
[White "Bauer, Christoph"]
[Black "Thurner, Manfred"]
[Result "0-1"]
[WhiteElo "1435"]
[BlackElo "1623"]
[PlyCount "82"]
[EventDate "2002.??.??"]

1. e4 c5 2. Nf3 d6 3. d4 cxd4 4. Nxd4 Nf6 5. Nc3 g6 6. Be2 Bg7 7. O-O O-O 8. f4
Nc6 9. Nb3 a5 10. a4 Qb6+ 11. Kh1 Bd7 12. Nd5 Nxd5 13. Qxd5 Nb4 14. Qd1 Rac8
15. c3 Nc6 16. Bc4 Nd8 17. Be2 f5 18. e5 Be6 19. Nd4 dxe5 20. fxe5 Bxe5 21. Bb5
Bc4 22. Bxc4+ Rxc4 23. Qe2 Qc5 24. Nb3 Qc7 25. h3 Re4 26. Qf2 Ne6 27. Bh6 Rd8
28. Rad1 Rxd1 29. Rxd1 Qc4 30. Nd2 Qxa4 31. b3 Qd7 32. Rc1 Bf4 33. Bxf4 Rxf4
34. Qe2 Qc6 35. Kg1 Qb6+ 36. Kh1 Rf2 37. Qe1 Kf7 38. Rc2 Rf4 39. g3 Rf2 40. Qd1
Qc6+ 41. Nf3 Rxf3 0-1

[Event "Baden Open B (30th)"]
[Site "?"]
[Date "2002.04.27"]
[Round "3.15"]
[White "Winkler, Klaus sen"]
[Black "Schwarzer, Karl"]
[Result "1-0"]
[WhiteElo "1584"]
[BlackElo "1382"]
[PlyCount "55"]
[EventDate "2002.??.??"]

1. d4 d5 2. Nf3 e6 3. e3 Nf6 4. c4 Bb4+ 5. Nc3 a6 6. Qa4+ Nc6 7. Ne5 Bxc3+ 8.
bxc3 Bd7 9. Qb3 Rb8 10. Bd3 dxc4 11. Bxc4 b5 12. Bd3 O-O 13. O-O Nxe5 14. dxe5
Nd5 15. Qc2 g6 16. e4 Nb6 17. Bh6 Re8 18. Qd2 f5 19. Bg5 Qc8 20. Bf6 Rf8 21.
Qg5 Rf7 22. h4 Be8 23. h5 Rd7 24. Rad1 Rb7 25. exf5 c6 26. fxg6 hxg6 27. Bxg6
Rg7 28. Rd8 1-0

[Event "Baden Open B (30th)"]
[Site "?"]
[Date "2002.04.27"]
[Round "3.16"]
[White "Hegedues, Zoltan"]
[Black "Koller, Johann"]
[Result "1/2-1/2"]
[WhiteElo "1429"]
[BlackElo "1299"]
[PlyCount "100"]
[EventDate "2002.??.??"]

1. d4 d5 2. Nf3 Nc6 3. e3 a6 4. c4 e6 5. a3 h6 6. Nc3 Nf6 7. c5 Ne4 8. Qc2 f5
9. Be2 g5 10. Nxe4 fxe4 11. Ne5 Nxe5 12. dxe5 c6 13. Bh5+ Ke7 14. O-O Bg7 15.
f4 Qc7 16. Qc3 Rf8 17. g3 b5 18. Bd2 a5 19. Qd4 Ba6 20. b4 a4 21. Qb2 Rg8 22.
Bc3 Bh8 23. Rf2 Raf8 24. Raf1 g4 25. Qe2 Bb7 26. Bxg4 Bc8 27. Bd4 Kd8 28. Bh3
Qf7 29. Bg4 Qg7 30. Bh3 Qg6 31. Kh1 Bd7 32. g4 Qe8 33. Rg2 Qe7 34. Qe1 h5 35.
g5 Qh7 36. Qh4 Kc7 37. Rfg1 Qg6 38. Qe1 Kb7 39. Rg3 Bg7 40. Bf1 Rh8 41. Rh3 Rh7
42. Rh4 Rf7 43. Bh3 Rf8 44. Rg2 Rhh8 45. Qa1 Rh7 46. Rf2 Rhh8 47. Qf1 Rf7 48.
Bg2 Rhf8 49. Qe2 Rh8 50. Rh3 Rff8 1/2-1/2

[Event "Baden Open B (30th)"]
[Site "?"]
[Date "2002.04.28"]
[Round "4.1"]
[White "Wagner, Erich"]
[Black "Pachta, Paul"]
[Result "1/2-1/2"]
[WhiteElo "1830"]
[BlackElo "1630"]
[PlyCount "39"]
[EventDate "2002.??.??"]

1. d4 d5 2. Nf3 Nf6 3. c3 Bg4 4. Ne5 Bf5 5. f3 h6 6. e3 c6 7. Bd3 Bxd3 8. Nxd3
Nbd7 9. b3 Qc7 10. Ba3 e5 11. Bxf8 Kxf8 12. O-O g6 13. dxe5 Nxe5 14. Nxe5 Qxe5
15. Qd4 Qxd4 16. cxd4 Kg7 17. Nc3 Rhe8 18. Kf2 Re7 19. Rfe1 Rae8 20. g4 1/2-1/2

[Event "Baden Open B (30th)"]
[Site "?"]
[Date "2002.04.28"]
[Round "4.2"]
[White "Jereb, Juergen"]
[Black "Steiner, Helmut"]
[Result "0-1"]
[WhiteElo "1636"]
[BlackElo "1663"]
[PlyCount "39"]
[EventDate "2002.??.??"]

1. f4 d5 2. d4 Nf6 3. e3 Bg4 4. Be2 Bxe2 5. Nxe2 e6 6. Nbc3 Bb4 7. Bd2 Nbd7 8.
a3 Ba5 9. b4 Bb6 10. Na4 a6 11. Ng3 c6 12. Nc5 Rb8 13. Nh5 O-O 14. Nxd7 Nxd7
15. Qg4 g6 16. h4 f5 17. Qg5 Qxg5 18. hxg5 gxh5 19. Rxh5 Kg7 20. Ke2 {
Rest unleserlich; 0-1 (40)} 0-1

[Event "Baden Open B (30th)"]
[Site "?"]
[Date "2002.04.28"]
[Round "4.3"]
[White "Mair, Josef"]
[Black "Wiesauer, Alois"]
[Result "1-0"]
[WhiteElo "1833"]
[BlackElo "1539"]
[PlyCount "91"]
[EventDate "2002.??.??"]

1. e4 g6 2. d4 Bg7 3. f4 d6 4. Nf3 Nf6 5. e5 dxe5 6. fxe5 Nd5 7. Bc4 O-O 8. O-O
c6 9. Nc3 Bf5 10. Ne2 Nd7 11. Ng3 e6 12. Nxf5 exf5 13. Ng5 h6 14. Nh3 Qb6 15.
Kh1 Rad8 16. Bxd5 cxd5 17. Nf4 Qc6 18. c3 Nb6 19. Be3 Nc4 20. Qc1 g5 21. Nh5
Qg6 22. Nxg7 Kxg7 23. b3 Nb6 24. Qc2 f4 25. Qxg6+ Kxg6 26. Bd2 Rfe8 27. Rae1
Re6 28. g3 fxg3 29. hxg3 Rd7 30. Kg2 Rde7 31. Rf2 f5 32. Rc1 Rc7 33. a4 Rec6
34. a5 Nd7 35. Rcf1 Nxe5 36. dxe5 d4 37. cxd4 Rc2 38. Be1 f4 39. gxf4 gxf4 40.
Rxc2 Rxc2+ 41. Rf2 Rc1 42. Bd2 Rd1 43. Kf3 h5 44. Kxf4 h4 45. Kg4 Rh1 46. e6
1-0

[Event "Baden Open B (30th)"]
[Site "?"]
[Date "2002.04.28"]
[Round "4.4"]
[White "Stachl, Josef"]
[Black "Frey, Armin"]
[Result "0-1"]
[WhiteElo "1695"]
[BlackElo "1899"]
[PlyCount "106"]
[EventDate "2002.??.??"]

1. d4 f5 2. Bg5 Nf6 3. Bxf6 exf6 4. e3 d5 5. Bd3 Bd6 6. Ne2 O-O 7. O-O Nc6 8.
a3 Ne7 9. c4 dxc4 10. Bxc4+ Kh8 11. Nbc3 c6 12. Qc2 Qc7 13. Ng3 f4 14. exf4
Bxf4 15. Bd3 g6 16. Rfe1 Bxg3 17. hxg3 Bf5 18. Re2 Rae8 19. Rae1 Qd7 20. Kf1
Kg7 21. f3 Bxd3 22. Qxd3 Nf5 23. Rxe8 Rxe8 24. Rxe8 Qxe8 25. g4 Nd6 26. Kf2 Qe6
27. d5 cxd5 28. Qxd5 Qxd5 29. Nxd5 Nc4 30. Nc7 Kf7 31. Ke2 a6 32. b3 Nxa3 33.
Kd3 Ke7 34. Kd4 Nc2+ 35. Kc5 Kd7 36. Kb6 Nd4 37. b4 Nc6 38. b5 axb5 39. Nxb5
Ne5 40. Kxb7 Nd3 41. g3 Ne5 42. Nd4 Kd6 43. f4 Nxg4 44. Kc8 Kd5 45. Nb5 Ke4 46.
Nc7 Kf3 47. Ne6 Kxg3 48. Nf8 h5 49. Nxg6 h4 50. Nxh4 Kxh4 51. Kd7 f5 52. Ke6
Ne3 53. Ke5 Kg4 0-1

[Event "Baden Open B (30th)"]
[Site "?"]
[Date "2002.04.28"]
[Round "4.6"]
[White "Haindl, Josef"]
[Black "Binder, Karl"]
[Result "1/2-1/2"]
[WhiteElo "1603"]
[BlackElo "1772"]
[PlyCount "51"]
[EventDate "2002.??.??"]

1. e4 e5 2. Nf3 Nf6 3. Nxe5 d6 4. Nf3 Nxe4 5. d3 Nf6 6. h3 Be7 7. Be2 O-O 8.
O-O h6 9. b3 Bf5 10. Bb2 d5 11. Nbd2 c5 12. d4 Nc6 13. Bd3 Bxd3 14. cxd3 cxd4
15. Nxd4 Nxd4 16. Bxd4 Nh7 17. Nf3 Bf6 18. Bxf6 Nxf6 19. Qd2 Qd6 20. Rfe1 Rac8
21. Rac1 Rc6 22. Rxc6 Qxc6 23. Rc1 Qd6 24. Qa5 a6 25. Qc5 Qf4 26. Qc7 1/2-1/2

[Event "Baden Open B (30th)"]
[Site "?"]
[Date "2002.04.28"]
[Round "4.7"]
[White "Gruen, Thomas"]
[Black "Vock, Bernhard"]
[Result "1/2-1/2"]
[WhiteElo "1771"]
[BlackElo "1751"]
[PlyCount "52"]
[EventDate "2002.??.??"]

1. d4 d5 2. c4 Nf6 3. Nf3 Bf5 4. e3 e6 5. Nc3 Be7 6. Be2 O-O 7. O-O dxc4 8.
Bxc4 a6 9. a3 Nbd7 10. b4 b5 11. Bb3 c6 12. Bb2 a5 13. bxa5 Rxa5 14. Qe2 b4 15.
axb4 Rxa1 16. Rxa1 Bxb4 17. Bc2 Bxc2 18. Qxc2 Bxc3 19. Bxc3 Qb6 20. Rb1 Qc7 21.
Bd2 h6 22. Rc1 Rc8 23. Bb4 Nd5 24. Bc5 N5f6 25. Be7 Nd5 26. Bh4 c5 1/2-1/2

[Event "Baden Open B (30th)"]
[Site "?"]
[Date "2002.04.28"]
[Round "4.8"]
[White "Goeslbauer, Harald"]
[Black "Putz, Josef"]
[Result "0-1"]
[WhiteElo "1808"]
[BlackElo "1622"]
[PlyCount "108"]
[EventDate "2002.??.??"]

1. c4 Nf6 2. Nc3 e6 3. e4 d6 4. d4 Nc6 5. g3 Be7 6. Bg2 e5 7. d5 Nb8 8. Nge2
O-O 9. O-O c6 10. Be3 cxd5 11. cxd5 Bd7 12. Rc1 b6 13. Qd3 Ng4 14. Bd2 f5 15.
f3 fxe4 16. Nxe4 Nf6 17. Ng5 h6 18. Ne6 Bxe6 19. dxe6 d5 20. Qg6 Bc5+ 21. Kh1
Qe8 22. Qxe8 Rxe8 23. Bh3 a5 24. Nc3 Nc6 25. f4 e4 26. Rce1 Nd4 27. f5 Nf3 28.
Rd1 Nxd2 29. Rxd2 d4 30. Nb5 Rad8 31. Rfd1 e3 32. Rd3 Ne4 33. Rf1 e2 34. Kg2
exf1=Q+ 35. Kxf1 Rf8 36. Ke2 Rfe8 37. Bg2 Ng5 38. h4 Nxe6 39. fxe6 Rxe6+ 40.
Kf1 Re3 41. Rxe3 dxe3 42. Bf3 Rd2 43. Be2 Kf8 44. Nc3 Rxb2 45. g4 Rc2 46. Ne4
Rc1+ 47. Kg2 Rc2 48. Kf3 Bd4 49. a4 Ra2 50. Bb5 Bc5 51. g5 Rh2 52. gxh6 gxh6
53. Nxc5 bxc5 54. Kxe3 Rxh4 0-1

[Event "Baden Open B (30th)"]
[Site "?"]
[Date "2002.04.28"]
[Round "4.9"]
[White "Thurner, Manfred"]
[Black "Vezmar, Milan"]
[Result "1-0"]
[WhiteElo "1623"]
[BlackElo "1810"]
[PlyCount "82"]
[EventDate "2002.??.??"]

1. e4 e5 2. Nf3 d6 3. d4 exd4 4. Nxd4 Nf6 5. Nc3 Be7 6. Bd3 c5 7. Bb5+ Bd7 8.
Bxd7+ Nbxd7 9. Nf5 O-O 10. Nxd6 Qb6 11. Nf5 Bd8 12. O-O Ne5 13. Nd5 Nxd5 14.
exd5 Qg6 15. Ng3 Bc7 16. Bf4 Rad8 17. c4 Bd6 18. b3 Nxc4 19. bxc4 Bxf4 20. Qf3
Bxg3 21. fxg3 Qa6 22. Qd3 Rd6 23. Rfe1 Rfd8 24. a3 g6 25. Rad1 Qa4 26. Re7 R8d7
27. Rxd7 Qxd7 28. Qe3 b6 29. Re1 a6 30. Qe8+ Qxe8 31. Rxe8+ Kg7 32. a4 Kf6 33.
Kf2 h5 34. Ke3 Kf5 35. Re7 Kf6 36. Rc7 a5 37. Kf4 g5+ 38. Ke4 Kg6 39. Rc6 f5+
40. Ke5 Rxc6 41. dxc6 b5 1-0

[Event "Baden Open B (30th)"]
[Site "?"]
[Date "2002.04.28"]
[Round "4.10"]
[White "Reichmann, Ernst"]
[Black "Baumfrisch, Robert"]
[Result "0-1"]
[WhiteElo "1581"]
[BlackElo "1626"]
[PlyCount "46"]
[EventDate "2002.??.??"]

1. d4 d5 2. Nf3 g6 3. c4 c6 4. e3 Nf6 5. Nc3 Bg7 6. h3 O-O 7. Bd3 Re8 8. O-O
Nbd7 9. Re1 e5 10. dxe5 Nxe5 11. Nxe5 Rxe5 12. f4 Rh5 13. Qf3 Be6 14. g4 Rh4
15. f5 gxf5 16. gxf5 dxc4 17. fxe6 cxd3 18. exf7+ Kxf7 19. e4 d2 20. Rf1 Qd4+
21. Kh1 dxc1=Q 22. Raxc1 Qe5 23. Rcd1 Ke7 0-1

[Event "Baden Open B (30th)"]
[Site "?"]
[Date "2002.04.28"]
[Round "4.11"]
[White "Reichspfarrer, Ernst"]
[Black "Musilek, Adalbert"]
[Result "0-1"]
[WhiteElo "1527"]
[BlackElo "1683"]
[PlyCount "74"]
[EventDate "2002.??.??"]

1. d4 d5 2. c4 e6 3. Nc3 Nf6 4. Bg5 Be7 5. e3 Nbd7 6. Nf3 O-O 7. Be2 c5 8. O-O
b6 9. cxd5 Nxd5 10. Bxe7 Nxe7 11. Nb5 cxd4 12. exd4 Nf6 13. Rc1 Nfd5 14. Ne5
Bb7 15. Bf3 a6 16. Nc3 Rc8 17. Nxd5 Bxd5 18. Rxc8 Qxc8 19. Bxd5 Nxd5 20. Nf3
Qc7 21. Ne5 Rc8 22. Nd3 Qc4 23. Qc1 Qxc1 24. Rxc1 Rxc1+ 25. Nxc1 Nb4 26. a3 Nc6
27. Ne2 Kf8 28. Kf1 Ke7 29. f4 Kd6 30. Kf2 Kd5 31. Ke3 Kc4 32. Ke4 f5+ 33. Ke3
Kb3 34. Kd3 Kxb2 35. Nc3 Kxa3 36. d5 exd5 37. Nxd5 Nb4+ 0-1

[Event "Baden Open B (30th)"]
[Site "?"]
[Date "2002.04.28"]
[Round "4.13"]
[White "Gerhold, Christoph"]
[Black "Winkler, Klaus sen"]
[Result "0-1"]
[WhiteElo "1429"]
[BlackElo "1584"]
[PlyCount "128"]
[EventDate "2002.??.??"]

1. c4 Nf6 2. d4 e6 3. Nf3 d5 4. cxd5 exd5 5. Nc3 c6 6. Bf4 Bb4 7. Rc1 O-O 8. e3
Qa5 9. a3 Bxc3+ 10. bxc3 Qxa3 11. Bd3 Bg4 12. O-O Ne4 13. h3 Bh5 14. g4 Bg6 15.
Bxe4 Bxe4 16. Ng5 Qe7 17. Nxe4 Qxe4 18. Qc2 f5 19. gxf5 Rxf5 20. Qxe4 dxe4 21.
Rb1 b6 22. Ra1 Nd7 23. Kg2 Nf6 24. Rg1 Nd5 25. c4 Nxf4+ 26. exf4 Rxf4 27. d5
cxd5 28. cxd5 Kf7 29. d6 Ke8 30. Rgd1 Kd7 31. Rac1 Rc8 32. Ra1 a5 33. Rab1 Rc6
34. Kg3 Rf6 35. Rd4 g5 36. Rxe4 Rcxd6 37. Rg4 h6 38. Rb3 Kc7 39. Rc3+ Kb7 40.
Re4 Rd2 41. Re7+ Ka6 42. Rc8 Rd3+ 43. Kg2 Rd5 44. Ra8+ Kb5 45. Re1 Rd4 46. Rb1+
Rb4 47. Re1 Rb2 48. Rf1 a4 49. Ra7 Kb4 50. Ra8 a3 51. Ra7 Kb3 52. Ra6 a2 53.
Ra1 Rbxf2+ 54. Kg3 Rd2 55. Ra5 bxa5 56. Kg4 Rd4+ 57. Kg3 h5 58. Kg2 h4 59. Re1
Rd2+ 60. Kg1 Kb2 61. Kh1 a1=Q 62. Rxa1 Kxa1 63. Kg1 Rc6 64. Kf1 Rc1# 0-1

[Event "Baden Open B (30th)"]
[Site "?"]
[Date "2002.04.28"]
[Round "4.14"]
[White "Achleitner, Johannes"]
[Black "Smid, Guenther"]
[Result "1-0"]
[WhiteElo "1429"]
[BlackElo "1296"]
[PlyCount "105"]
[EventDate "2002.??.??"]

1. e4 d5 2. exd5 Nf6 3. g3 Nxd5 4. Bg2 c6 5. d3 Nd7 6. b3 e5 7. Bb2 Bb4+ 8. c3
Bd6 9. d4 Qe7 10. Qe2 O-O 11. Nf3 Re8 12. O-O e4 13. Nh4 N7f6 14. Bh1 Bg4 15.
f3 Bh3 16. Bg2 Bd7 17. fxe4 Nxe4 18. Bxe4 Qxe4 19. Qxe4 Rxe4 20. Nd2 Re2 21.
Nc4 Bc7 22. Ba3 Rae8 23. Nf3 Bh3 24. Rf2 Nxc3 25. Nfe5 b5 26. Nd6 Bxd6 27. Bxd6
Rxf2 28. Kxf2 Ne4+ 29. Kf3 Nxd6 30. g4 f5 31. g5 c5 32. Nc6 Bg4+ 33. Kf2 Ne4+
34. Kg1 Nxg5 35. dxc5 Re2 36. Nxa7 Bh3 37. Rf1 Nf3+ 38. Rxf3 Re1+ 39. Kf2 Rf1+
40. Kg3 Rxf3+ 41. Kxf3 g5 42. Kg3 Bg4 43. c6 h5 44. c7 f4+ 45. Kf2 Kf7 46. c8=Q
Bxc8 47. Nxc8 Ke6 48. Na7 g4 49. Nxb5 Kd5 50. b4 Ke5 51. Kg2 h4 52. Nc3 f3+ 53.
Kf2 1-0

[Event "Baden Open B (30th)"]
[Site "?"]
[Date "2002.04.28"]
[Round "4.15"]
[White "Koller, Johann"]
[Black "Bauer, Christoph"]
[Result "1-0"]
[WhiteElo "1299"]
[BlackElo "1435"]
[PlyCount "57"]
[EventDate "2002.??.??"]

1. e4 e5 2. Nf3 Nc6 3. Nc3 Nf6 4. a3 Be7 5. Bb5 d6 6. Bxc6+ bxc6 7. h3 Be6 8.
Qe2 O-O 9. d4 exd4 10. Nxd4 c5 11. Nc6 Qd7 12. Nxe7+ Qxe7 13. Bd2 Rab8 14. b3
Bd7 15. a4 Bc6 16. f3 Rfe8 17. O-O d5 18. Rfe1 dxe4 19. Qa6 Rb6 20. Qc4 Rb4 21.
Qf1 Qd6 22. Nxe4 Qd4+ 23. Be3 Qd7 24. Rad1 Qf5 25. Bxc5 Rb7 26. Nxf6+ Qxf6 27.
Rxe8+ Bxe8 28. Qe1 Bc6 29. Be7 1-0

[Event "Baden Open B (30th)"]
[Site "?"]
[Date "2002.04.28"]
[Round "5.1"]
[White "Steiner, Helmut"]
[Black "Pachta, Paul"]
[Result "0-1"]
[WhiteElo "1663"]
[BlackElo "1630"]
[PlyCount "94"]
[EventDate "2002.??.??"]

1. Nf3 d5 2. d4 Nf6 3. Bg5 e6 4. e3 c5 5. c4 Nc6 6. cxd5 exd5 7. Bb5 Qa5+ 8.
Nc3 Ne4 9. Qa4 Qxa4 10. Nxa4 f6 11. Bh4 Bd7 12. O-O c4 13. Nc3 Nxc3 14. bxc3 a6
15. Bxc6 Bxc6 16. Bg3 Ba3 17. Rfb1 b5 18. Ne1 Bd7 19. Nc2 Be7 20. Nb4 Bxb4 21.
Rxb4 g5 22. Bd6 Kf7 23. a3 Rhe8 24. Re1 f5 25. Rbb1 Re6 26. Bc5 Rae8 27. g3 f4
28. Kg2 fxe3 29. f3 e2 30. Rb2 Re3 31. Bb4 g4 32. f4 Bf5 33. Bd6 Be4+ 34. Kg1
Bd3 35. a4 Rf3 36. Kg2 Rf1 37. Rexe2 Rxe2+ 38. Rxe2 Bxe2 39. axb5 axb5 40. h3
gxh3+ 41. Kxh3 Bf3 42. Kh4 h6 43. g4 Rg1 44. g5 hxg5+ 45. fxg5 Rg4+ 46. Kh5
Re4+ 47. Kh6 Rh4# 0-1

[Event "Baden Open B (30th)"]
[Site "?"]
[Date "2002.04.28"]
[Round "5.2"]
[White "Frey, Armin"]
[Black "Mair, Josef"]
[Result "0-1"]
[WhiteElo "1899"]
[BlackElo "1833"]
[PlyCount "76"]
[EventDate "2002.??.??"]

1. e4 e6 2. d4 d5 3. Nc3 dxe4 4. Nxe4 Nd7 5. Nf3 Ngf6 6. Neg5 Bd6 7. Bd3 O-O 8.
O-O b6 9. c4 Bb7 10. Qc2 h6 11. Ne4 Nxe4 12. Bxe4 Bxe4 13. Qxe4 c5 14. dxc5
Nxc5 15. Qe2 Qf6 16. Be3 Rfd8 17. Rfd1 Bc7 18. b4 Ne4 19. Bd4 Qf4 20. g3 Qg4
21. Qe3 e5 22. Bb2 Rxd1+ 23. Rxd1 Ng5 24. Rd3 e4 25. Nxg5 exd3 26. Ne4 Rd8 27.
f3 Qe6 28. Qd2 Qxc4 29. Bc3 b5 30. Kf1 Bb6 31. Ke1 f5 32. Nf2 Bxf2+ 33. Kxf2
Re8 34. Qc1 Re2+ 35. Kg1 Rc2 36. Qe3 Qxc3 37. Qe8+ Kh7 38. Qxb5 Qa1# 0-1

[Event "Baden Open B (30th)"]
[Site "?"]
[Date "2002.04.28"]
[Round "5.3"]
[White "Putz, Josef"]
[Black "Wagner, Erich"]
[Result "0-1"]
[WhiteElo "1622"]
[BlackElo "1813"]
[PlyCount "94"]
[EventDate "2002.??.??"]

1. d4 Nf6 2. c4 g6 3. Nc3 Bg7 4. Nf3 O-O 5. Bg5 h6 6. Bxf6 exf6 7. e3 d6 8. Bd3
c6 9. O-O Bg4 10. h3 Be6 11. Rc1 f5 12. Qc2 Na6 13. a3 Nc7 14. Rfe1 d5 15. cxd5
Nxd5 16. Na4 Re8 17. Nc5 Qc7 18. Nxe6 fxe6 19. e4 Nf4 20. Bc4 Kh8 21. e5 Qe7
22. Kh2 g5 23. g3 Nxh3 24. Kg2 g4 25. Nh4 Qg5 26. Rh1 Rad8 27. Rcd1 Rd7 28. Qd2
Qxd2 29. Rxd2 Ng5 30. Ng6+ Kh7 31. Nf4 Bxe5 32. Rhd1 Bxf4 33. gxf4 Nf3 34. Rd3
Kg6 35. b4 b5 36. Bb3 h5 37. Kg3 h4+ 38. Kg2 h3+ 39. Kh1 Kf6 40. Ba2 Red8 41.
Re3 Rd6 42. Re5 Re8 43. Re3 Rxd4 44. Rxd4 Nxd4 45. Rd3 Rd8 46. Bb3 Rd6 47. Ba2
Ke7 0-1

[Event "Baden Open B (30th)"]
[Site "?"]
[Date "2002.04.28"]
[Round "5.4"]
[White "Duske, Helmut"]
[Black "Jereb, Juergen"]
[Result "1-0"]
[WhiteElo "1827"]
[BlackElo "1636"]
[PlyCount "99"]
[EventDate "2002.??.??"]

1. e4 d6 2. d4 Nf6 3. Nc3 g6 4. f4 Bg4 5. Be2 Bxe2 6. Qxe2 Nbd7 7. Nf3 Nb6 8.
O-O Bg7 9. e5 Nfd5 10. Nxd5 Nxd5 11. Qb5+ c6 12. Qxb7 Qc8 13. Qxc8+ Rxc8 14. c4
Nb4 15. Bd2 c5 16. Bxb4 cxb4 17. b3 O-O 18. Rad1 d5 19. c5 e6 20. g4 a5 21. g5
Rc6 22. Ne1 Rb8 23. Nd3 Bf8 24. Nb2 Be7 25. Rf3 Kg7 26. h4 h5 27. Ra1 Bf8 28.
Na4 Rc7 29. Kf2 Rc6 30. Ke2 Be7 31. Kd2 Bd8 32. Kc2 Rc7 33. Kb2 Rc6 34. a3 Rb5
35. axb4 Rxb4 36. Kc3 Rc8 37. Ra3 Rc6 38. Nb2 Rb5 39. Nd3 Bc7 40. Rf1 Bd8 41.
Rfa1 Rc8 42. Ra4 Rcb8 43. R1a3 Bc7 44. b4 axb4+ 45. Rxb4 Ra5 46. Rba4 Rab5 47.
Ra7 Bd8 48. Kc2 Rb1 49. c6 Bb6 50. Rb7 1-0

[Event "Baden Open B (30th)"]
[Site "?"]
[Date "2002.04.28"]
[Round "5.5"]
[White "Binder, Karl"]
[Black "Thurner, Manfred"]
[Result "1-0"]
[WhiteElo "1772"]
[BlackElo "1623"]
[PlyCount "91"]
[EventDate "2002.??.??"]

1. e4 c5 2. f4 d6 3. Nf3 Nf6 4. d3 Nc6 5. Be2 g6 6. c3 Qb6 7. Na3 Bh6 8. g3 Bd7
9. Nc4 Qc7 10. e5 Nd5 11. d4 Be6 12. dxc5 Bg7 13. cxd6 exd6 14. Nxd6+ Ke7 15.
Nb5 Qb6 16. Nbd4 Rad8 17. Qb3 Nxd4 18. Nxd4 Qc7 19. Qa3+ Ke8 20. Nxe6 fxe6 21.
Bd2 a6 22. O-O-O Bf8 23. Qb3 b5 24. Kb1 Bc5 25. c4 bxc4 26. Bxc4 Rb8 27. Qa4+
Ke7 28. Bxd5 exd5 29. Bc3 Rhd8 30. Ba5 Qb7 31. b3 Rd7 32. Rhe1 d4 33. Qc4 Ba3
34. Rxd4 Rxd4 35. Qxd4 Qg2 36. Qd2 Qf3 37. Qc2 Rb7 38. Rd1 Ra7 39. Bb6 Rb7 40.
Bc5+ Bxc5 41. Qxc5+ Ke8 42. Qd5 Qg4 43. Qc6+ Rd7 44. Qxd7+ Qxd7 45. Rxd7 Kxd7
46. Kc2 1-0

[Event "Baden Open B (30th)"]
[Site "?"]
[Date "2002.04.28"]
[Round "5.6"]
[White "Baumfrisch, Robert"]
[Black "Gruen, Thomas"]
[Result "0-1"]
[WhiteElo "1626"]
[BlackElo "1771"]
[PlyCount "96"]
[EventDate "2002.??.??"]

1. e4 c5 2. f4 d6 3. b3 Nc6 4. Bb5 Bd7 5. Nf3 a6 6. Be2 e6 7. Bb2 Qc7 8. O-O b5
9. c4 b4 10. a3 Nge7 11. axb4 Nxb4 12. d4 cxd4 13. Nxd4 Qb6 14. Kh1 Nbc6 15.
Nb5 Nc8 16. N1c3 Qb7 17. Nd4 Nxd4 18. Qxd4 Qxb3 19. Rfb1 Qb6 20. Qxb6 Nxb6 21.
Bc1 Nc8 22. Rb7 Be7 23. Bf3 Bf6 24. e5 dxe5 25. Rxd7 Kxd7 26. Bxa8 exf4 27. Bb2
Nb6 28. Rd1+ Kc7 29. Bf3 Nxc4 30. Ba1 Rb8 31. Rc1 Kd8 32. Be2 Ne3 33. Nd1 Bxa1
34. Rxa1 Ke7 35. Nxe3 fxe3 36. Bxa6 Ra8 37. Kg1 f5 38. Kf1 g5 39. Ke2 f4 40.
Kf3 e5 41. g4 e4+ 42. Kxe4 e2 43. Kf5 Rxa6 44. Re1 f3 45. Ke4 Rf6 46. Kd3 f2
47. Rxe2+ Kf7 48. Rc2 f1=Q+ 0-1

[Event "Baden Open B (30th)"]
[Site "?"]
[Date "2002.04.28"]
[Round "5.7"]
[White "Vock, Bernhard"]
[Black "Haindl, Josef"]
[Result "1-0"]
[WhiteElo "1751"]
[BlackElo "1603"]
[PlyCount "41"]
[EventDate "2002.??.??"]

1. e4 Nf6 2. Nc3 d5 3. exd5 Nxd5 4. Bc4 e6 5. Qf3 Nb6 6. Bb3 c5 7. d3 Nc6 8.
Nge2 Ne5 9. Qg3 Ng6 10. Be3 Bd6 11. f4 Qh4 12. O-O Qxg3 13. Nxg3 f5 14. Nb5 Ke7
15. Rae1 a6 16. Nxf5+ Kf6 17. Nfxd6 axb5 18. Bxc5 Na4 19. Bd4+ Ke7 20. Nxc8+
Rhxc8 21. Rxe6+ 1-0

[Event "Baden Open B (30th)"]
[Site "?"]
[Date "2002.04.28"]
[Round "5.9"]
[White "Winkler, Klaus sen"]
[Black "Stachl, Josef"]
[Result "1/2-1/2"]
[WhiteElo "1584"]
[BlackElo "1695"]
[PlyCount "70"]
[EventDate "2002.??.??"]

1. d4 d5 2. Nf3 Nf6 3. e3 c6 4. c4 e6 5. Nc3 Nbd7 6. Bd3 dxc4 7. Bxc4 b5 8. Bd3
Bb7 9. a3 a6 10. e4 c5 11. Be3 b4 12. e5 bxc3 13. exf6 cxb2 14. Rb1 Qa5+ 15.
Nd2 Nxf6 16. O-O cxd4 17. Bxd4 Qd5 18. Nf3 Be7 19. Rxb2 O-O 20. Re1 Rad8 21.
Qb1 Bc6 22. Bxf6 Bxf6 23. Bxh7+ Kh8 24. Be4 Qxe4 25. Rxe4 Bxe4 26. Qxe4 Bxb2
27. g3 Bf6 28. g4 g6 29. h4 Rc8 30. g5 Bg7 31. Qb7 Kg8 32. Qxa6 Ra8 33. Qb6
Rfb8 34. Qd6 Rb1+ 35. Kg2 Ra1 1/2-1/2